[Event "Pirot Generations m 2nd"]
[Site "Pirot"]
[Date "2023.12.27"]
[Round "6.2"]
[White "Pejcic, Milutin"]
[Black "Li, Iris"]
[Result "1/2-1/2"]
[WhiteElo "2133"]
[BlackElo "2147"]
[PlyCount "82"]
[EventDate "2023.12.27"]
[EventType "schev"]
[EventRounds "8"]
[EventCountry "SRB"]
[SourceTitle "CB01_2024"]
[SourceDate "2024.01.03"]
[SourceVersion "1"]
[SourceVersionDate "2024.01.03"]
[SourceQuality "1"]
[WhiteTeam "Experts"]
[BlackTeam "Youth"]
[WhiteTeamCountry "SRB"]
[BlackTeamCountry "USA"]

1. Nf3 Nf6 2. c4 g6 3. g3 Bg7 4. Nc3 0-0 5. Bg2 d6 6. 0-0 c5 7. d4 cxd4 8. Nxd4 Nc6 9. Nxc6 bxc6 10. Bxc6 Rb8 11. Bg2 Qa5 12. Qd2 Be6 13. b3 Rxb3 14. axb3 Qxa1 15. Nb5 a6 16. Na7 Bd7 17. Qb4 Qa2 18. Re1 a5 19. Qb6 a4 20. bxa4 Qxa4 21. c5 Ng4 22. Bc6 Qd4 23. e3 Qc3 24. Rf1 Be6 25. cxd6 exd6 26. Nb5 Qb3 27. Qa5 Nxf2 28. Rxf2 Qc4 29. Qd2 Qxc6 30. Nd4 Bxd4 31. exd4 Ra8 32. d5 Qxd5 33. Qxd5 Bxd5 34. Bf4 Ra1+ 35. Rf1 Rxf1+ 36. Kxf1 Bc4+ 37. Kf2 d5 38. Be5 f5 39. h4 Kf7 40. Ke3 Ke6 41. Kf4 h5 1/2-1/2